| 000 | 00664nam a2200205 a 4500 | ||
|---|---|---|---|
| 005 | 20240614063730.0 | ||
| 008 | 991125m19561969ea 000 0 eng u | ||
| 020 | _a0582531691 | ||
| 035 | _aUPN01000019062 | ||
| 049 | _aCG | ||
| 050 | 4 |
_aPE1127 F3 _bT4.3 |
|
| 100 | 1 |
_aThornley, Granville Calland, _d1902-1981 _929544 |
|
| 245 | 1 | 0 |
_aEleven short stories / _cby G. C. Thornley ; il. by Betty Landler. |
| 260 |
_aLondon : _bLongmans Green, _c1956 (1969 impr.). |
||
| 300 | _a79 p. | ||
| 440 | 0 |
_aPleasant books in easy english ; _vstage 2 |
|
| 650 | 4 |
_aInglés _vLibros de texto para extranjeros _99168 |
|
| 650 | 0 |
_aLiteratura fantástica _98755 |
|
| 905 | _aLibro | ||
| 999 |
_c19062 _d19062 |
||